Loading...
Speeches & Writings Of Sir Subramanta Iyer /
| Main Author: | |
|---|---|
| Format: | Printed Book |
| Language: | English |
| Published: |
Madras :
S.R.Murthy & Co.,
.
|
| LEADER | 00398nam a2200109Ia 4500 | ||
|---|---|---|---|
| 008 | 160114b xxu||||| |||| 00| 0 eng d | ||
| 100 | |a D. V. Gundappa | ||
| 245 | |a Speeches & Writings Of Sir Subramanta Iyer / |c by D. V. Gundappa | ||
| 260 | |a Madras : |b S.R.Murthy & Co., |c . | ||
| 942 | |c BK | ||
| 999 | |c 291990 |d 291990 | ||
| 952 | |0 0 |1 0 |4 0 |7 0 |9 332295 |a HIS |b HIS |c ST1 |d 2016-02-02 |i 10342 |l 0 |p HIS10342 |r 2016-02-02 |w 2016-02-02 |y BK | ||